La isla del tesoro / (Registro nro. 7301)
[ vista simple ]
| 000 -LEADER | |
|---|---|
| fixed length control field | 01024nam a22002777a 4500 |
| 003 - CONTROL NUMBER IDENTIFIER | |
| control field | OSt |
| 005 - DATE AND TIME OF LATEST TRANSACTION | |
| control field | 20210223154700.0 |
| 008 - FIXED-LENGTH DATA ELEMENTS--GENERAL INFORMATION | |
| fixed length control field | 210223s1990 ck ||||jr|||| 00| f spa d |
| 020 ## - INTERNATIONAL STANDARD BOOK NUMBER | |
| International Standard Book Number | 9788467457179 |
| Qualifying information | Obra completa |
| 020 ## - INTERNATIONAL STANDARD BOOK NUMBER | |
| International Standard Book Number | 9788467457216 |
| 040 ## - CATALOGING SOURCE | |
| Original cataloging agency | CO-JMCR |
| Transcribing agency | CO-JMCR |
| 041 1# - LANGUAGE CODE | |
| Language code of text/sound track or separate title | spa |
| Language code of original | eng |
| 082 04 - DEWEY DECIMAL CLASSIFICATION NUMBER | |
| Classification number | N / |
| Item number | STEi |
| Edition number | 23 |
| 100 1# - MAIN ENTRY--PERSONAL NAME | |
| Personal name | Stevenson, Robert Louis, |
| Relator term | autor |
| 9 (RLIN) | 783 |
| 245 13 - TITLE STATEMENT | |
| Title | La isla del tesoro / |
| Statement of responsibility, etc. | R. L. Stevenson ; traducción, Agustín Calvet "Gaziel" |
| 260 ## - PUBLICATION, DISTRIBUTION, ETC. | |
| Place of publication, distribution, etc. | Bogotá : |
| Name of publisher, distributor, etc. | Planeta, |
| Date of publication, distribution, etc. | 1990 |
| 300 ## - PHYSICAL DESCRIPTION | |
| Extent | 330 páginas : |
| Other physical details | ilustraciones a blanco y negro ; |
| Dimensions | 16 cm. |
| 490 0# - SERIES STATEMENT | |
| Series statement | Clásicos universales |
| 500 ## - GENERAL NOTE | |
| General note | Título original: Treasure Island |
| 505 0# - FORMATTED CONTENTS NOTE | |
| Formatted contents note | El viejo pirata -- El cocinero de a bordo -- Mi aventura en la isla -- La palanca -- Mi aventura por mar -- El capitán Silver |
| 546 ## - LANGUAGE NOTE | |
| Language note | Traducido del inglés |
| 650 14 - SUBJECT ADDED ENTRY--TOPICAL TERM | |
| Topical term or geographic name entry element | Novela inglesa |
| Chronological subdivision | Siglo XIX |
| 9 (RLIN) | 13834 |
| 650 14 - SUBJECT ADDED ENTRY--TOPICAL TERM | |
| Topical term or geographic name entry element | Historias de aventuras |
| 9 (RLIN) | 13835 |
| 700 1# - ADDED ENTRY--PERSONAL NAME | |
| Personal name | Calvet , Agustín, |
| Relator term | traductor |
| 9 (RLIN) | 13836 |
| 942 ## - ADDED ENTRY ELEMENTS (KOHA) | |
| Source of classification or shelving scheme | Dewey Decimal Classification |
| Koha item type | Books |
No hay ítems disponibles.